Statistics for Countries twinned with UK

Click here to take the quiz!

General Stats

  • This quiz has been taken 3 times
  • The average score is 55 of 94

Answer Stats

Answer% Correct
Argentina
100%
Australia
100%
Brazil
100%
Canada
100%
Chile
100%
China
100%
Colombia
100%
Cuba
100%
France
100%
India
100%
Indonesia
100%
Iran
100%
Israel
100%
Italy
100%
Jamaica
100%
Japan
100%
Mexico
100%
New Zealand
100%
Nicaragua
100%
Panama
100%
Peru
100%
Portugal
100%
South Korea
100%
Spain
100%
Usa
100%
Antigua and Barbuda
50%
Austria
50%
Barbados
50%
Belarus
50%
Belgium
50%
Bosnia and Herzegovina
50%
Burkina faso
50%
Croatia
50%
Cyprus
50%
Czech rep
50%
Denmark
50%
Dominica
50%
Estonia
50%
Eswatini
50%
Ethiopia
50%
Finland
50%
Georgia
50%
Germany
50%
Ghana
50%
Greece
50%
Grenada
50%
Hungary
50%
Iceland
50%
Ireland
50%
Kazakhstan
50%
Latvia
50%
Lesotho
50%
Lithuania
50%
Luxembourg
50%
Malaysia
50%
Mali
50%
Malta
50%
Mauritius
50%
Morrocco
50%
Mozambique
50%
Namibia
50%
Nepal
50%
Netherlands
50%
North Macedonia
50%
Norway
50%
Pakistan
50%
Poland
50%
Russia
50%
Serbia
50%
Sierra Leone
50%
Slovakia
50%
Slovenia
50%
South Africa
50%
Sri Lanka
50%
Sweden
50%
Switzerland
50%
Tanzania
50%
Tonga
50%
Trinidad and Tobago
50%
Turkey
50%
Uganda
50%
Ukraine
50%
United arab emirates
50%
Zimbabwe
50%
Bermuda
0%
Bulgaria
0%
England
0%
Falkland islands
0%
Faroe islands
0%
Gibraltar
0%
Isle of Man
0%
Palestine
0%
Romania
0%
Wales
0%

Score Distribution

Percentile by Number Answered

Percent of People with Each Score

Your Score History

You have not taken this quiz